Where in the World is Carmen Sandiego? Quiz Stats

 Plays Quiz not verified by Sporcle

Challenge
Share
Tweet
Embed
Score 0/10 Timer 05:00
0 Plays Today
% Correct
Mexico
87.2%
Mexico
87.2%
Chile
78.2%
Argentina
60.3%
Colombia
52.6%
Texas
42.3%
Norway
38.5%
Oklahoma
25.6%
Philippines
17.9%
Taiwan
10.3%

You're not logged in!

Compare scores with friends on all Sporcle quizzes.
Join for Free
OR
Log In

You Might Also Like...

Show Comments

Extras

Top Quizzes Today


Score Distribution

Your Account Isn't Verified!

In order to create a playlist on Sporcle, you need to verify the email address you used during registration. Go to your Sporcle Settings to finish the process.

Report this User

Report this user for behavior that violates our Community Guidelines.

Details: